El aprendizaje del cálculo: más allá de Piaget y de la teoría de los conjuntos

Guardat en:
Dades bibliogràfiques
Autor principal: Brissiaud, Remi (Autor)
Format: Llibre
Idioma:espanyol
Publicat: Madrid Visor 1993
Col·lecció:Colección Aprendizaje, 90
Matèries:
Etiquetes: Afegir etiqueta
Sense etiquetes, Sigues el primer a etiquetar aquest registre!

MARC

LEADER 00000nam a2200000 a 4500
001 UCX9595
003 CL-VaPUC
008 940615e19930000SP |||||||||||||||||spa|d
082 0 4 |a 372.72  |b BRI  |2 21 
100 0 |a Brissiaud, Remi  |e author  |9 327031 
245 1 3 |a El aprendizaje del cálculo: más allá de Piaget y de la teoría de los conjuntos 
300 |a 233 p 
942 |c BK 
945 |d 19940615 00:00:00  |a rbrito 
260 |a Madrid  |b Visor  |c 1993 
650 0 |a Matemática  |9 260235 
650 0 |a Enseñanza  |9 256457 
583 |a last modification  |c 19940615 00:00:00  |k Rodrigo Vera 
490 0 |a Colección Aprendizaje, 90 
999 |c 228788  |d 228786 
952 |0 0  |1 0  |4 0  |6 372_720000000000000_BRI_1993  |7 0  |8 P  |9 229208  |a BIBEDU  |b BIBEDU  |c BIBEDU_PB  |d 2019-11-15  |i 2967081  |o 372.72 BRI 1993  |p 2967081  |r 2024-01-25  |w 2019-11-15  |y BK  |k EPE 
952 |0 0  |1 0  |4 0  |6 372_720000000000000_BRI_1993  |7 0  |8 P  |9 229209  |a BIBEDU  |b BIBEDU  |c BIBEDU_PB  |d 2019-11-15  |i 3095908  |o 372.72 BRI 1993  |p 3095908  |r 2024-01-25  |w 2019-11-15  |y BK  |k EPE